Repertorio de lecturas para niños y adolescentes /

Guardado en:
Autor Principal: Schultz de Mantovani, Fryda
Otros Autores: Ferro, Beatríz
Formato: Libro
Publicado: Buenos Aires : Troquel, 1978
Edición:2a. ed.
Materias:
Etiquetas: Agregar Etiqueta
Sin Etiquetas, Sea el primero en etiquetar este registro!
LEADER 00783nam a22002175a 4500
001 CEM.cems005899
005 20060214000000.0
008 130507s1978##################000#0#####d
003 CEMS
082 0 4 |a 372.24 
100 1 |a Schultz de Mantovani, Fryda 
245 1 0 |a Repertorio de lecturas para niños y adolescentes / 
250 |a 2a. ed. 
260 |a Buenos Aires :  |b Troquel,  |c 1978 
300 |a 199 p. 
505 0 |a Los cuentos fundamentales.-Las fuentes populares del cuento (ciclo de la infancia).-Leyendas (Ciclo de la adolescencia).-Repertorio internaciónal.-Repertorio latinoamericano.- 
653 |a Educacion 
653 |a Literatura infantil 
653 |a Literatura juvenil 
700 1 |a Ferro, Beatríz 
859 |a CEMS  |b BIB. CEMS - 11 de abril  |h 372.24  |i Sch82a2  |p 11154.82  |t Ej.1